Literatura i rytuały

Titel: Literatura i rytuały / [ Redakcja: Agnieszka Ba̜bel, Stanisław Dubisz, Agata Grabowska-Kuniczuk (sekretarz redakcji), Wojciech Kaliszewski, Janusz Maciejewski (redaktor naczelny), Marek Pąkciński, Zofia Rejman, Katarzyna Sałkiewicz, Janusz Tazbir, Jacek Wójcicki (zastępca redaktora naczelnego)]
Beteiligt: ;
Festschrift für:
Veröffentlicht: Warszawa : Wydawnictwo DiG, 2010
Umfang: 550 Seiten
Format: Buch
Sprache: Polnisch
Schriftenreihe/
mehrbändiges Werk:
Napis ; 16 2010
Schlagworte:
ISBN: 9788371816895
Buchumschlag
X
alg: 40301628
001A    $03004:11-05-17 
001B    $01999:25-05-17 $t11:29:40.000 
001C    $03004:11-05-17 $t07:52:34.000 
001D    $03004:11-05-17 
001U    $0utf8 
001X    $00 
002@    $0Aau 
002C    $aText $btxt $2rdacontent 
002D    $aohne Hilfsmittel zu benutzen $bn $2rdamedia 
002E    $aBand $bnc $2rdacarrier 
003@    $0403016282 
003O    $0745485146 $aOCoLC 
004A    $A978-83-7181-689-5 
006C    $0844904154 $aOCoLC 
007A    $0663190258 $aGBV 
007G    $0DE020C7C74A4A69DD9DCBC125812A00389F82 
009P    $qapplication/pdf $A2 $3Inhaltsverzeichnis $uhttp://scans.hebis.de/HEBCGI/show.pl?40301628_toc.pdf $mV:DE-603;B:DE-Mb50 
010@    $apol 
010E    $erda 
011@    $a2010 
013D    $#Beiträge Formschlagwort $#Einzelbeiträge $#Sammelwerk Formschlagwort $74143413-4 $8Aufsatzsammlung [Ts1] $9085562742 
021A    $aLiteratura i rytuały $h[ Redakcja: Agnieszka Ba̜bel, Stanisław Dubisz, Agata Grabowska-Kuniczuk (sekretarz redakcji), Wojciech Kaliszewski, Janusz Maciejewski (redaktor naczelny), Marek Pąkciński, Zofia Rejman, Katarzyna Sałkiewicz, Janusz Tazbir, Jacek Wójcicki (zastępca redaktora naczelnego)] 
028C    $BHerausgeber $4edt $7 $8Bąbel, Agnieszka [Tnu] $9303988711 
028C    $BHerausgeber $4edt $7128628197 $8Dubisz, Stanisław$Z1949- [Tp1] $9118291297 
028C    $BGefeierter $#Maciejewski, Janusz Julian $#jm $4hnr $7128437332 $8Maciejewski, Janusz$Z1930-2011 [Tp1] $9158943406 
033A    $pWarszawa $nWydawnictwo DiG 
034D    $a550 Seiten 
036E    $aNapis $l16 2010 
037A    $aLiteraturangaben 
044K    $RPhilologie $#Literature History and criticism $#Literaturwissenschaft $#Literaturwissenschaften $74036034-9 $8Literaturwissenschaft [Ts1] $9085097624 
044K    $RRitus $#Rites and ceremonies $#Rites et cérémonies $#Ritual $#Ritus Soziologie $#Rituale $74050164-4 $8Ritual [Ts1] $9085140066 
045T    $a7,39 

lok: 40301628 24

exp: 40301628 24 1 #EPN
201B/01 $015-05-17 $t16:23:07.000 
201C/01 $011-05-17 
201U/01 $0utf8 
203@/01 $0806617004 
208@/01 $a11-05-17 $bz 
209A/01 $a17.02364 $du $f050 $h17 02364 $x00 
209C/01 $a17.02364 K $h17 02364 K 
209G/01 $a73802571 $x00 
220C/01 $aho-sz 
247C/01 $8358050-7 Marburg, Bibliothek des Herder-Instituts Marburg $9102600961
LEADER 00000cam a2200000 c 4500
001 403016282
003 DE-603
005 20170525112940.0
007 tu
008 170511s2010 xx |||| | u00||u|pol c
020 |a 9788371816895 
035 |a (DE-599)GBV663190258 
035 |a (OCoLC)745485146 
040 |a DE-603  |b ger  |c DE-603  |d DE-603  |e rda 
041 |a pol 
084 |a 7,39  |2 ssgn 
245 0 0 |a Literatura i rytuały  |c [ Redakcja: Agnieszka Ba̜bel, Stanisław Dubisz, Agata Grabowska-Kuniczuk (sekretarz redakcji), Wojciech Kaliszewski, Janusz Maciejewski (redaktor naczelny), Marek Pąkciński, Zofia Rejman, Katarzyna Sałkiewicz, Janusz Tazbir, Jacek Wójcicki (zastępca redaktora naczelnego)] 
264 1 |a Warszawa  |b Wydawnictwo DiG  |c 2010 
300 |a 550 Seiten 
336 |a Text  |b txt  |2 rdacontent 
337 |a ohne Hilfsmittel zu benutzen  |b n  |2 rdamedia 
338 |a Band  |b nc  |2 rdacarrier 
490 0 |a Napis  |v 16 2010 
500 |a Literaturangaben 
650 7 |a Literaturwissenschaft  |0 (DE-588)4036034-9  |0 (DE-603)085097624  |2 gnd 
650 7 |a Ritual  |0 (DE-588)4050164-4  |0 (DE-603)085140066  |2 gnd 
655 7 |a Aufsatzsammlung  |2 gnd-content  |0 (DE-588)4143413-4  |0 (DE-603)085562742 
700 1 |a Bąbel, Agnieszka  |e Herausgeber  |4 edt  |0 (DE-603)303988711 
700 1 |a Dubisz, Stanisław  |d 1949-  |e Herausgeber  |4 edt  |0 (DE-603)118291297  |0 (DE-588)128628197  |2 gnd 
700 1 |a Maciejewski, Janusz  |d 1930-2011  |e Gefeierter  |4 hnr  |0 (DE-603)158943406  |0 (DE-588)128437332  |2 gnd 
856 4 2 |m V:DE-603;B:DE-Mb50  |q application/pdf  |u http://scans.hebis.de/HEBCGI/show.pl?40301628_toc.pdf  |3 Inhaltsverzeichnis 
924 0 |9 Mb 50  |a (DE-603)806617004  |b DE-Mb50  |c HES  |d c  |g 17.02364